00427 2200157 4500001002100000005001500021035002000036245006500056100002000121300002800141260004400169082000800213084001400221020002200235990001200257INLIS00000000000291520250911021100 a0010-09250002621 aDuwit Plan :bAtur Duit Nggak Mesti Rumit /cRizki Marman S.0 aRizki Marman S. a152 hlm ;c14,5 x 21 cm aJakarta :bEsensi Erlangga Group,c2022 a600 a600 RIZ d a978-623-7478-64-5 a0755322